Bản án chủ nghĩa thực dân pháp ở Việt Nam

Cuốn sách thể hiện lại bản gốc và bản dịch của tác phẩm "Bản án chủ nghiễ thực dân Pháp ở Việt Nam" của Chủ tịch Hồ Chí Minh

Spremljeno u:
Bibliografski detalji
Autor kompanije: Bảo tàng Cách mạng Việt Nam
Format: Knjiga
Jezik:Undetermined
Izdano: Hà Nội Công an Nhân dân 2005
Teme:
Oznake: Dodaj oznaku
Bez oznaka, Budi prvi tko označuje ovaj zapis!
Thư viện lưu trữ: Trung tâm Học liệu Trường Đại học Cần Thơ
LEADER 00804nam a2200205Ia 4500
001 CTU_125928
008 210402s9999 xx 000 0 und d
020 |c 20000 
082 |a 325.3 
082 |b B108 
110 |a Bảo tàng Cách mạng Việt Nam 
245 0 |a Bản án chủ nghĩa thực dân pháp ở Việt Nam 
245 0 |c Bảo tàng Cách mạng Việt Nam 
260 |a Hà Nội 
260 |b Công an Nhân dân 
260 |c 2005 
520 |a Cuốn sách thể hiện lại bản gốc và bản dịch của tác phẩm "Bản án chủ nghiễ thực dân Pháp ở Việt Nam" của Chủ tịch Hồ Chí Minh 
650 |a Colonies 
904 |i Quang Hiếu 
980 |a Trung tâm Học liệu Trường Đại học Cần Thơ